000
00350pab a2200157 454500
008
180718b2005 xxu||||| |||| 00| 0 eng d
100
_a
Hamid, Saiyid
245
_a
Muslim education in India
260
_c
2005
300
_a
p.37-38.
362
_a
Sep
650
_a
Education - India
650
_a
Education
773
_a
Yojana
909
_a
66711
999
_c
66711
_d
66711